000 00905nam a2200229Ii 4500
003 JO-AjNU
008 230605s9999||||xx |||||||||||||| ||und||
017 _a2021/3/2009
020 _a978-9923-15-101-3
040 _aJO-AjNU
_bara
_erda
_cJO-AjNU
041 _aara
050 1 4 _aK85.A4422 2022
100 3 _aالعلي، عادل فليح، م.مشارك محمد براء باسل ابو عنزه,
_eauthor
_962793
245 0 0 _aأساليب البحث العلمي القانوني: الجوانب النظرية والعملية والتطبيقية
250 _aط1
264 3 1 _aعمان: دار الثقافة للنشر والتوزيع، 2022
300 _a214ص
336 _atext
_btxt
_2rdacontent
337 _aunmediated
_bn
_2rdamedia
338 _avolume
_bnc
_2rdacarrier
650 4 _aاساليب البحث-مناهج البحث-القانون-البحث العلمي
_962794
999 _aA28451
_c32019
_d32019